00337nam a2200133Ia 4500008004100000041000800041082001100049100003100060245005000091250000800141260003800149300000800187365000800195231011s9999 xx 000 0 und d aeng a336.27 aSingavi Vijay/ Chopde L.N. aDirect and Indirect taxes (vol-1) A.Y.2009-10 a1st bSheth Pubs Pvt Ltd,Mumbai -c2009 a550 b261